| 000 | 00437nam a22001577a 4500 | ||
|---|---|---|---|
| 005 | 20231031085427.0 | ||
| 008 | 231031b |||||||| |||| 00| 0 eng d | ||
| 041 | _aEnglish | ||
| 082 | _a347.1 SUP | ||
| 100 | _lEnglish | ||
| 245 | _aSupreme Court Act and Rules of the Supreme Court of Namibia | ||
| 260 | _c1990 | ||
| 300 |
_b27 pages ; _c34 cm. |
||
| 650 |
_alegal practice _bLaw |
||
| 942 |
_cBK _6ALISON_BN_VRIES |
||
| 999 |
_c172 _d172 |
||